DUDEN (Record no. 10718)

MARC details
000 -CABECERA
campo de control de longitud fija 00537nam a2200193 a 4500
001 - NÚMERO DE CONTROL
campo de control BRL_1910
005 - FECHA Y HORA DE LA ÚLTIMA TRANSACCIÓN
campo de control 20190320211430.0
008 - DATOS DE LONGITUD FIJA--INFORMACIÓN GENERAL
campo de control de longitud fija 170815s1955----gw-#######---#000-0#ger-#
041 ## - CÓDIGO DE LENGUA
Código de lengua del texto/banda sonora o título independiente ger
044 ## - CÓDIGO DEL PAÍS DE LA ENTIDAD EDITORA/PRODUCTORA
Código MARC del país gw
050 #4 - SIGNATURA TOPOGRÁFICA DE LA BIBLIOTECA DEL CONGRESO
Número de clasificación PF3628
Número de documento/Ítem .D83 1955
245 10 - MENCIÓN DE TÍTULO
Título DUDEN
Resto del título Rechtschreibung der deutschen Sprache und der Fremdwöter
Mención de responsabilidad, etc. Bearbeitet von der Dudenredaktion
260 ## - PUBLICACIÓN, DISTRIBUCIÓN, ETC.
Lugar de publicación, distribución, etc. Düsseldorf
Nombre del editor, distribuidor, etc. Auslieferung
Fecha de publicación, distribución, etc. 1955
300 ## - DESCRIPCIÓN FÍSICA
Extensión 786 p.
Dimensiones 18 cm.
500 ## - NOTA GENERAL
Nota general Au1967
650 14 - PUNTO DE ACCESO ADICIONAL DE MATERIA--TÉRMINO DE MATERIA
Término de materia o nombre geográfico como elemento de entrada Alemán
Subdivisión de forma Diccionarios
9 (RLIN) 28213
902 ## - CATALOGADOR
Iniciales GRL
942 ## - ELEMENTOS DE PUNTO DE ACCESO ADICIONAL (KOHA)
Fuente del sistema de clasificación o colocación Library of Congress Classification
Tipo de ítem Koha Libros
Holdings
Estado de retiro Estado de pérdida Estado dañado No para préstamo Localización permanente Ubicación/localización actual Fecha de adquisición Número de inventario Total de préstamos Signatura topográfica completa Código de barras Fecha visto por última vez Precio válido a partir de Tipo de ítem Koha
El ejemplar forma parte de la colección y puede ser consultado según las políticas vigentes.       Biblioteca Centro de Estudios Ruth D. Lechuga Biblioteca Centro de Estudios Ruth D. Lechuga 17/08/2015 Au1967   PF3628 .D83 1955 (Au1967) GRL02115 22/03/2019 22/03/2019 Libros